000 00720nam a22001937a 4500
005 20250324090526.0
008 250324b |||||||| |||| 00| 0 eng d
020 _a9788868811180
040 _cAIMIT LIBRARY
082 _22
_a006.37
_bVERR
100 _aVerma, Rishabh.
_9206721
245 _aVisual studio extensibility development :
_bextending visual studio ide for productivity quality tooling analysis and artificial intelligence /
_cBy Rishabh Verma.
250 _a2nd ed.
260 _aNew York :
_bApress ;
_c2025.
300 _axix,446p. ;
_bPB
_c25 cm.
650 _aDeveloping your first extensions
_9206722
650 _aContinuous integration and hosting
_9206723
942 _2ddc
_cBK
_e2nd ed.
_k006.37 VERR
999 _c233977
_d233977